Tesoros de la pintura en la Galeria de Dresde / (Record no. 67262)

MARC details
000 -LEADER
campo de control de longitud fija 00859nam a2200229 i 4500
001 - NÚMERO DE CONTROL
campo de control 67262
003 - IDENTIFICADOR DE NÚMERO DE CONTROL
campo de control ES-MaACL
005 - FECHA Y HORA DE LA ÚLTIMA TRANSACCIÓN
campo de control 20250829045821.0
007 - CAMPO FIJO DE DESCRIPCIÓN FÍSICA--INFORMACIÓN GENERAL
campo de control de longitud fija t|
008 - DATOS DE LONGITUD FIJA--INFORMACIÓN GENERAL
campo de control de longitud fija 190628s1964 sp ||||0| spa d
100 1# - ENTRADA PRINCIPAL--NOMBRE DE PERSONA
Nombre de persona Menz, Henner.
9 (RLIN) 167436
245 10 - MENCIÓN DEL TÍTULO
Título Tesoros de la pintura en la Galeria de Dresde /
Mención de responsabilidad, etc. Henner Menz ; traducción de Juan Ernesto Vinardell ; revisión y dirección Teodoro Miciano.
260 ## - PUBLICACIÓN, DISTRIBUCIÓN, ETC.
Lugar de publicación, distribución, etc. Madrid :
Nombre del editor, distribuidor, etc. Daimón,
Fecha de publicación, distribución, etc. 1964.
300 ## - DESCRIPCIÓN FÍSICA
Extensión 320 p., 16 lám., 4 lám. col. ;
Dimensiones 21 cm.
490 1# - MENCIÓN DE SERIE
Mención de serie Colección "Tesoro de los Grandes Museos" ;
Designación de volumen o secuencia 6
610 24 - PUNTO DE ACCESO ADICIONAL DE MATERIA--NOMBRE DE ENTIDAD CORPORATIVA
Nombre de entidad corporativa o nombre de jurisdicción como elemento de entrada Gemälde-Galerie (Dresde)
9 (RLIN) 167437
700 0# - ENTRADA AGREGADA--NOMBRE PERSONAL
Nombre de persona Vinardell, Juan Ernesto.
9 (RLIN) 115298
700 1# - ENTRADA AGREGADA--NOMBRE PERSONAL
Nombre de persona Miciano, Teodoro,
Fechas asociadas al nombre 1903-1974
9 (RLIN) 80944
830 00 - PUNTO DE ACCESO ADICIONAL DE SERIE-TÍTULO UNIFORME
Título uniforme Colección "Tesoros de los grandes museos"
Designación de volumen o secuencia 6
9 (RLIN) 178969
852 ## - LOCALIZACIÓN
Ubicación ES-MaACL
Número de control de estantería P-583-Bis-6
Holdings
Estatus retirado Estado de pérdida Estado de daño No para préstamo Biblioteca de origen Biblioteca actual Ubicación en estantería Fecha de adquisición Fuente de adquisición Total de préstamos Signatura topográfica completa Código de barras Visto por última vez Precio de reemplazo Tipo de ítem Koha
        Biblioteca del Ateneo de Madrid Biblioteca del Ateneo de Madrid Depósito 2 28/06/2019     P-583-Bis-6 1200949 23/02/2023 23/02/2023 Libro impreso